000 00474nam a22001577a 4500
020 _qPB.
040 _cFizza Ishaq
050 _a2nd Ed.
082 _2New York :
_aW W Norton & Co Inc,
_b2008.
100 _aTignor, Robert.
_9134118
245 _aWorlds Together Worlds Apart: A History of The World (Vol C) /
_cRobert Tignor.
250 _a2nd Ed.
260 _aNew York :
_bW W Norton & Co Inc,
_c2008.
300 _a1024 p, ;
_c7.8 x 1.5 x 9.4 inches
942 _2ddc
_cBK
999 _c617059
_d617059